COVID-19’s Impact on Crime and Delinquency
| VerfasserInnen: | ; |
|---|---|
| Medienart: | Elektronisch Aufsatz |
| Sprache: | Englisch |
| Veröffentlicht: |
2022
|
| In: |
Crime & delinquency
Jahr: 2022, Band: 68, Heft: 8, Seiten: 1127-1136 |
| Online-Zugang: |
Vermutlich kostenfreier Zugang Volltext (lizenzpflichtig) |
| Verfügbarkeit prüfen: | HBZ Gateway |
| Schlagwörter: |
MARC
| LEADER | 00000naa a22000002c 4500 | ||
|---|---|---|---|
| 001 | 1839616199 | ||
| 003 | DE-627 | ||
| 005 | 20230320155546.0 | ||
| 007 | cr uuu---uuuuu | ||
| 008 | 230320s2022 xx |||||o 00| ||eng c | ||
| 024 | 7 | |a 10.1177/00111287221084295 |2 doi | |
| 035 | |a (DE-627)1839616199 | ||
| 035 | |a (DE-599)KXP1839616199 | ||
| 040 | |a DE-627 |b ger |c DE-627 |e rda | ||
| 041 | |a eng | ||
| 084 | |a 2,1 |2 ssgn | ||
| 100 | 1 | |a Reid, Joan A. |e VerfasserIn |4 aut | |
| 245 | 1 | 0 | |a COVID-19’s Impact on Crime and Delinquency |
| 264 | 1 | |c 2022 | |
| 336 | |a Text |b txt |2 rdacontent | ||
| 337 | |a Computermedien |b c |2 rdamedia | ||
| 338 | |a Online-Ressource |b cr |2 rdacarrier | ||
| 650 | 4 | |a Covid-19 | |
| 650 | 4 | |a Corrections | |
| 650 | 4 | |a crime counts | |
| 700 | 1 | |a Baglivio, Michael T. |e VerfasserIn |4 aut | |
| 773 | 0 | 8 | |i Enthalten in |t Crime & delinquency |d Thousand Oaks, Calif. [u.a.] : Sage Publications, 1960 |g 68(2022), 8, Seite 1127-1136 |h Online-Ressource |w (DE-627)306655128 |w (DE-600)1499997-3 |w (DE-576)081985045 |x 1552-387X |7 nnas |
| 773 | 1 | 8 | |g volume:68 |g year:2022 |g number:8 |g pages:1127-1136 |
| 856 | |u https://journals.sagepub.com/doi/pdf/10.1177/00111287221084295 |x unpaywall |z Vermutlich kostenfreier Zugang |h publisher [open (via free pdf)] | ||
| 856 | 4 | 0 | |u https://doi.org/10.1177/00111287221084295 |x Resolving-System |z lizenzpflichtig |3 Volltext |7 1 |
| 951 | |a AR | ||
| ELC | |a 1 | ||
| LOK | |0 000 xxxxxcx a22 zn 4500 | ||
| LOK | |0 001 4293492151 | ||
| LOK | |0 003 DE-627 | ||
| LOK | |0 004 1839616199 | ||
| LOK | |0 005 20230320155546 | ||
| LOK | |0 008 230320||||||||||||||||ger||||||| | ||
| LOK | |0 040 |a DE-21-110 |c DE-627 |d DE-21-110 | ||
| LOK | |0 092 |o n | ||
| LOK | |0 852 |a DE-21-110 | ||
| LOK | |0 852 1 |9 00 | ||
| LOK | |0 935 |a krub |a krzo | ||
| LOK | |0 939 |a 20-03-23 |b l01 | ||
| OAS | |a 1 | ||
| ORI | |a SA-MARC-krimdoka001.raw | ||
